[Event "World Rapid Women 2022"]
[Site "Almaty KAZ"]
[Date "2022.12.27"]
[Round "8.44"]
[White "Kirchei, Viktoriia"]
[Black "Assylkhan, Asiya"]
[Result "1/2-1/2"]
[WhiteTitle "WFM"]
[WhiteElo "2070"]
[BlackElo "1430"]
[WhiteFideId "34133396"]
[BlackFideId "13752707"]
[EventDate "2022.12.26"]

1. e4 c6 2. d4 d5 3. exd5 cxd5 4. Bd3 Nc6 5. c3 Nf6 6. h3 g6 7. Qc2 Bg7 8. Nf3
O-O 9. Bf4 Bd7 10. O-O Rc8 11. a3 Nh5 12. Bh2 Nxd4 13. Nxd4 Bxd4 14. Qb3 Bb6 15.
Qxd5 Bc6 16. Qxd8 Rfxd8 17. Bc2 Nf6 18. a4 a6 19. Re1 Rd7 20. Re2 Rcd8 21. Na3
Rd2 22. Rae1 Rxe2 23. Rxe2 Be4 24. Be5 Bxc2 25. Nxc2 Nd7 26. Bd4 Bxd4 27. Nxd4
e6 28. a5 Nc5 29. b4 Na4 30. Rc2 Nxc3 31. Nxe6 fxe6 32. Rxc3 Rd4 33. Rc8+ Kf7
34. Rc7+ Kf6 35. Rxb7 h5 36. Kf1 Rd2 37. Rb6 Rb2 38. g3 Kf5 39. Kg2 g5 40. Kf3
g4+ 41. hxg4+ hxg4+ 42. Ke3 Ke5 43. Rxa6 Rxb4 44. Rb6 Ra4 45. Rb5+ Kf6 46. Rc5
Ra3+ 47. Kf4 Rf3+ 48. Kxg4 Rxf2 49. Rb5 Ra2 50. Kf4 Ra4+ 51. Kf3 e5 52. g4 Ra3+
53. Ke4 Ra4+ 54. Kf3 Ra3+ 55. Ke4 Ra4+ 1/2-1/2

[Event "World Rapid Women 2022"]
[Site "Almaty KAZ"]
[Date "2022.12.27"]
[Round "8.45"]
[White "Kim, Kristina"]
[Black "Bauyrzhan, Arnash"]
[Result "1-0"]
[WhiteTitle "WCM"]
[WhiteElo "1930"]
[BlackElo "2041"]
[WhiteFideId "13712438"]
[BlackFideId "13706322"]
[EventDate "2022.12.26"]

1. d4 d5 2. Bf4 Nf6 3. e3 e6 4. Nf3 Bd6 5. Bg3 O-O 6. Nbd2 c5 7. c3 Qc7 8. Bd3
Nbd7 9. Qe2 e5 10. dxe5 Nxe5 11. Nxe5 Bxe5 12. Nf3 Bd6 13. Rd1 Bg4 14. Qc2 h6
15. Bh4 Be7 16. Bf5 Bxf5 17. Qxf5 Qc8 18. Qxc8 Raxc8 19. Bxf6 Bxf6 20. Rxd5 Rfd8
21. Rxd8+ Rxd8 22. Ke2 b5 23. Rd1 Rb8 24. e4 Re8 25. Ke3 Bd8 26. Rd5 Bb6 27. b3
c4+ 28. Nd4 cxb3 29. axb3 a6 30. f4 Rc8 31. Kd3 Bxd4 32. Kxd4 Rc6 33. e5 Rc7 34.
f5 Kf8 35. g4 Ke7 36. h4 Rb7 37. Rd6 a5 38. Ra6 Rd7+ 39. Ke4 Rc7 40. Rxa5 Rxc3
41. Rxb5 h5 42. Rb7+ Ke8 43. g5 Rh3 44. g6 fxg6 45. fxg6 Rxh4+ 46. Kf5 Rg4 47.
Rxg7 Rb4 48. Rh7 Rxb3 49. Rxh5 Kf8 50. Kf6 Rf3+ 51. Rf5 Ra3 52. e6 Ra6 53. Rb5
Ra8 54. g7+ Kg8 55. Rh5 1-0

[Event "World Rapid Women 2022"]
[Site "Almaty KAZ"]
[Date "2022.12.27"]
[Round "8.46"]
[White "Balakanova, Gulnar"]
[Black "Kovanova, Baira"]
[Result "1/2-1/2"]
[WhiteTitle "WFM"]
[BlackTitle "WGM"]
[WhiteElo "1743"]
[BlackElo "2317"]
[WhiteFideId "13705890"]
[BlackFideId "4164083"]
[EventDate "2022.12.26"]

1. e4 e5 2. Nc3 d6 3. Nge2 Nc6 4. g3 Bg4 5. Bg2 Qd7 6. h3 Be6 7. d4 exd4 8. Nxd4
Nxd4 9. Qxd4 Ne7 10. Be3 Nc6 11. Qa4 a6 12. O-O-O Be7 13. f4 f6 14. e5 O-O 15.
exd6 Bxd6 16. Qe4 Rae8 17. Qf3 Na5 18. Bc5 Nc4 19. b3 Na5 20. Bxd6 cxd6 21. Ne4
Qe7 22. Nxd6 Rd8 23. Nxb7 Qa3+ 24. Kb1 Nxb7 25. Qxb7 Rb8 26. Qf3 Rfc8 27. Qe3
Bf5 28. Bd5+ Kh8 29. Rh2 Re8 30. Qc3 Rbc8 31. Qb2 Qc5 32. g4 Be4 33. Rhd2 Bxd5
34. Rxd5 Qe3 35. g5 fxg5 36. fxg5 Qxh3 37. Qd4 Qg2 38. Qd3 Rf8 39. Rd8 Qxg5 40.
Rxf8+ Rxf8 41. Rf1 Rxf1+ 42. Qxf1 Qf6 43. Qxf6 gxf6 44. Kc1 Kg7 45. Kd2 Kf7 46.
Ke3 Ke6 47. Kf4 h5 48. c4 f5 49. b4 h4 50. a4 Kd6 51. Kf3 Kc6 52. b5+ axb5 53.
cxb5+ Kb6 54. Kf4 Ka5 1/2-1/2

[Event "World Rapid Women 2022"]
[Site "Almaty KAZ"]
[Date "2022.12.27"]
[Round "8.47"]
[White "Machlik, Monika"]
[Black "Kaliakhmet, Elnaz"]
[Result "0-1"]
[BlackTitle "WFM"]
[WhiteElo "2114"]
[BlackElo "1786"]
[WhiteFideId "1513621"]
[BlackFideId "13730169"]
[EventDate "2022.12.26"]

1. d4 Nf6 2. c4 e6 3. Nc3 Bb4 4. Qc2 d5 5. a3 Bxc3+ 6. Qxc3 Ne4 7. Qc2 O-O 8.
Nf3 b6 9. Bf4 c5 10. e3 Bb7 11. Bd3 Nd7 12. O-O Rc8 13. Qe2 f5 14. h3 Ndf6 15.
Bh2 Qe7 16. Rfd1 Rfd8 17. Ne5 Nd7 18. Rac1 Nxe5 19. Bxe5 Qg5 20. f3 Nf6 21. b3
Nd7 22. Bf4 Qf6 23. Qb2 g5 24. Be5 Nxe5 25. dxe5 Qg7 26. cxd5 Rxd5 27. Bc4 Qxe5
28. Qxe5 Rxe5 29. Kf2 Bd5 30. f4 Bxc4 31. fxe5 Bxb3 32. Rd6 Bd5 33. g3 Rc7 34.
Ke2 Kf7 35. g4 f4 36. Kd3 c4+ 37. Kd4 0-1

[Event "World Rapid Women 2022"]
[Site "Almaty KAZ"]
[Date "2022.12.27"]
[Round "8.48"]
[White "Madi, Aidana"]
[Black "Druzhinina, Olga"]
[Result "1-0"]
[WhiteElo "1583"]
[BlackElo "2245"]
[WhiteFideId "13722689"]
[BlackFideId "4141911"]
[EventDate "2022.12.26"]

1. e4 c5 2. d4 cxd4 3. c3 dxc3 4. Nxc3 Nc6 5. Nf3 e6 6. Bc4 a6 7. O-O b5 8. Bb3
Nge7 9. Bg5 h6 10. Bh4 d6 11. Qe2 Na5 12. Rfd1 Nxb3 13. axb3 Bb7 14. Qd3 g5 15.
Bg3 Nc8 16. Be5 Rg8 17. Bg3 Rh8 18. Qe2 Be7 19. Rd2 Qb6 20. Rad1 Kf8 21. b4 h5
22. h4 g4 23. Nd4 Qd8 24. Qe3 Bxh4 25. e5 d5 26. Qf4 Kg7 27. Ne4 Qe7 28. Bxh4
Qxh4 29. Ng5 Rf8 30. g3 1-0

[Event "World Rapid Women 2022"]
[Site "Almaty KAZ"]
[Date "2022.12.27"]
[Round "8.49"]
[White "Chen, Jocelyn"]
[Black "Martins de Aguiar, Marina"]
[Result "0-1"]
[WhiteTitle "WCM"]
[WhiteElo "1854"]
[BlackElo "1877"]
[WhiteFideId "30947154"]
[BlackFideId "2143321"]
[EventDate "2022.12.26"]

1. e4 c5 2. Nf3 e6 3. d4 cxd4 4. Nxd4 Nf6 5. Bd3 Nc6 6. Nxc6 bxc6 7. Nc3 d5 8.
O-O Be7 9. Re1 O-O 10. e5 Nd7 11. Qg4 f5 12. Qg3 Kh8 13. Ne2 Qc7 14. Nd4 Nc5 15.
Bg5 Bxg5 16. Qxg5 Ne4 17. Bxe4 fxe4 18. Re3 Rb8 19. Rb1 c5 20. Rc3 Qa5 21. Rg3
Rb7 22. Nb3 Qxa2 23. Qc1 Qa4 24. Nxc5 Qd4 25. Nxb7 Qxf2+ 26. Kh1 Bxb7 27. c3 Ba6
28. Qe3 Qc2 29. Qg1 Bd3 30. Rc1 Qxb2 31. h3 Qd2 32. Kh2 Qf4 33. Re1 h5 34. Qe3
Qxe5 35. h4 Qxc3 36. Qg5 Rf5 37. Qd8+ Kh7 38. Rg1 Qe5 39. Kh3 Rf4 40. Qe7 Qf5+
41. Kh2 Qe5 42. Rc1 Rg4 43. Qc7 Rxh4+ 44. Kg1 Qd4+ 0-1

[Event "World Rapid Women 2022"]
[Site "Almaty KAZ"]
[Date "2022.12.28"]
[Round "9.1"]
[White "Tan, Zhongyi"]
[Black "Goryachkina, Aleksandra"]
[Result "1/2-1/2"]
[WhiteTitle "GM"]
[BlackTitle "GM"]
[WhiteElo "2518"]
[BlackElo "2584"]
[WhiteFideId "8603642"]
[BlackFideId "4147103"]
[EventDate "2022.12.26"]

1. d4 d5 2. c4 c6 3. Nf3 Nf6 4. Nc3 dxc4 5. a4 Bf5 6. e3 e6 7. Bxc4 Bb4 8. O-O
O-O 9. Qe2 Bg6 10. Ne5 Nbd7 11. Nxg6 hxg6 12. Rd1 Qe7 13. Na2 Bd6 14. b4 Rad8
15. b5 c5 16. Bb2 cxd4 17. Bxd4 Be5 18. a5 Bxd4 19. exd4 Qd6 20. Qf3 Rc8 21.
Rac1 Rc7 22. Qg3 Qxg3 23. hxg3 Rfc8 24. Bb3 Rxc1 25. Rxc1 Rxc1+ 26. Nxc1 Kf8 27.
f3 Ke7 28. Ne2 Nd5 29. Kf2 Kd6 30. g4 g5 31. Ng3 N7f6 32. Ne4+ Nxe4+ 33. fxe4
Ne7 34. e5+ Kd7 35. Ke3 Nd5+ 36. Bxd5 exd5 37. Kd3 f6 38. exf6 gxf6 39. Kc3 Kd6
40. Kb4 b6 41. axb6 axb6 42. Kc3 Ke6 43. Kd3 f5 44. Ke3 f4+ 1/2-1/2

[Event "World Rapid Women 2022"]
[Site "Almaty KAZ"]
[Date "2022.12.28"]
[Round "9.2"]
[White "Abdumalik, Zhansaya"]
[Black "Savitha, Shri B"]
[Result "1-0"]
[WhiteTitle "GM"]
[BlackTitle "WIM"]
[WhiteElo "2496"]
[BlackElo "2411"]
[WhiteFideId "13703544"]
[BlackFideId "35061887"]
[EventDate "2022.12.26"]

1. e4 c5 2. Nf3 d6 3. d4 cxd4 4. Nxd4 Nf6 5. Nc3 Nc6 6. Bg5 e6 7. Qd2 a6 8.
O-O-O Bd7 9. f4 Be7 10. Nf3 b5 11. Bxf6 gxf6 12. f5 Qb6 13. Kb1 Rc8 14. Bd3 Na5
15. Ne2 Nc4 16. Bxc4 bxc4 17. fxe6 fxe6 18. Nfd4 Qb7 19. Nc3 Rb8 20. b3 cxb3 21.
cxb3 Rc8 22. Rc1 O-O 23. Rhf1 Kh8 24. Rf3 a5 25. Ka1 d5 26. exd5 e5 27. Nf5 Bxf5
28. Rxf5 Bb4 29. Rf3 Rf7 30. Qh6 Bf8 31. Qh5 e4 32. Rh3 f5 33. Rf1 Qa6 34. Rxf5
Rg7 35. Rf7 Rxf7 36. Qxf7 h6 37. Rg3 1-0

[Event "World Rapid Women 2022"]
[Site "Almaty KAZ"]
[Date "2022.12.28"]
[Round "9.3"]
[White "Gunina, Valentina"]
[Black "Koneru, Humpy"]
[Result "0-1"]
[WhiteTitle "GM"]
[BlackTitle "GM"]
[WhiteElo "2476"]
[BlackElo "2572"]
[WhiteFideId "4167570"]
[BlackFideId "5008123"]
[EventDate "2022.12.26"]

1. d4 Nf6 2. c4 e6 3. Nf3 Bb4+ 4. Bd2 a5 5. e3 b6 6. Bd3 Bb7 7. a3 Be7 8. Nc3 d5
9. cxd5 exd5 10. Ne5 O-O 11. O-O c5 12. Rc1 Nc6 13. Nxc6 Bxc6 14. dxc5 bxc5 15.
Qc2 Qb8 16. Ne2 Qb7 17. Ng3 Rfb8 18. Rb1 g6 19. Rfe1 c4 20. Bf1 h5 21. h3 h4 22.
Ne2 Bd7 23. Nd4 Ne4 24. Bc3 Qc7 25. Red1 Ra6 26. Be1 a4 27. Rbc1 Qb7 28. Rb1 Rb6
29. f3 Nd6 30. Bc3 Nf5 31. Re1 Bf6 32. Nxf5 Bxf5 33. e4 dxe4 34. fxe4 Bxc3 35.
Qxc3 Bxe4 36. Rbd1 Rxb2 37. Rd4 Rb3 38. Qxc4 Bf5 39. Qxa4 Qb6 40. Kh1 Rxa3 41.
Re8+ Kg7 42. Qxa3 Rxe8 43. Rxh4 Qf6 44. Rf4 Qe5 45. Rf3 Be4 46. Rf2 Bf5 0-1

[Event "World Rapid Women 2022"]
[Site "Almaty KAZ"]
[Date "2022.12.28"]
[Round "9.4"]
[White "Munkhzul, Turmunkh"]
[Black "Saduakassova, Dinara"]
[Result "0-1"]
[WhiteTitle "WIM"]
[BlackTitle "IM"]
[WhiteElo "2318"]
[BlackElo "2434"]
[WhiteFideId "4901878"]
[BlackFideId "13700090"]
[EventDate "2022.12.26"]

1. e4 e5 2. Nf3 Nc6 3. Bb5 a6 4. Bxc6 dxc6 5. d4 exd4 6. Qxd4 Qxd4 7. Nxd4 Bd7
8. Be3 O-O-O 9. Nc3 Ne7 10. f3 Ng6 11. Kf2 h5 12. h4 f6 13. Rad1 Ne5 14. b3 Be7
15. Nf5 Bb4 16. Ne2 g6 17. Nfg3 Be6 18. Nf4 Bf7 19. Ke2 Bd6 20. Kf2 a5 21. a4
Be7 22. Ke2 Rxd1 23. Rxd1 Re8 24. Kf2 Bd6 25. Nd3 Nxd3+ 26. Rxd3 b5 27. Rd1 Rd8
28. Nf1 bxa4 29. Ra1 axb3 30. cxb3 Bb4 31. Rb1 Rd3 32. Ke2 Rxb3 33. Rxb3 Bxb3
34. Nd2 Be6 35. Bd4 Be7 36. Kd3 a4 37. g3 Kb7 38. Nb1 c5 39. Bb2 Kc6 40. Na3 Bb3
41. f4 Kd7 42. Bc1 Ke6 43. Kc3 Bd6 44. Nb5 Bd1 45. Be3 Be2 46. Nxd6 cxd6 47. Bf2
Bf3 48. Kd3 a3 49. Be1 f5 50. e5 dxe5 51. fxe5 Kxe5 52. Bc3+ Kd5 53. Bf6 Bg2 54.
Kc3 Ke6 55. Bg5 a2 56. Kb2 Bd5 57. Bf4 Kd7 58. Be5 Kc6 59. Bf6 Bc4 60. Be7 Kd5
61. Bf6 Ke4 62. Be7 Kf3 63. Bd6 Bb3 64. Be5 c4 65. Ka3 a1=Q+ 66. Bxa1 Kxg3 67.
Bf6 f4 68. Kb2 f3 0-1

[Event "World Rapid Women 2022"]
[Site "Almaty KAZ"]
[Date "2022.12.28"]
[Round "9.5"]
[White "Khotenashvili, Bela"]
[Black "Batsiashvili, Nino"]
[Result "1-0"]
[WhiteTitle "GM"]
[BlackTitle "GM"]
[WhiteElo "2485"]
[BlackElo "2493"]
[WhiteFideId "13602640"]
[BlackFideId "13602993"]
[EventDate "2022.12.26"]

1. c4 e6 2. g3 d5 3. Nf3 Nf6 4. Bg2 d4 5. d3 Nc6 6. O-O Bc5 7. Na3 O-O 8. Nc2 a5
9. Rb1 e5 10. a3 a4 11. Nb4 Nxb4 12. axb4 Bxb4 13. Nxe5 Re8 14. Nf3 c5 15. Ra1
Bd7 16. e4 dxe3 17. Bxe3 Bc6 18. d4 cxd4 19. Nxd4 Bxg2 20. Kxg2 Qd7 21. Qf3 Rac8
22. Rfd1 Ng4 23. Nf5 Nxe3+ 24. Nxe3 Qc6 25. Qxc6 bxc6 26. Rxa4 Rb8 27. Rd3 Bc5
28. b3 Bxe3 29. Rxe3 Rxe3 30. fxe3 h5 31. b4 Kf8 32. Kf3 Ke7 33. Ke4 Kd6 34. Kd4
g5 35. h4 gxh4 36. gxh4 Rg8 37. c5+ Ke6 38. Ra6 Rg4+ 39. e4 Kd7 40. Ra7+ Ke8 41.
Ke5 Rxh4 42. Kd6 f5 43. Kxc6 Rxe4 44. b5 f4 45. b6 Rb4 46. b7 f3 47. Ra8+ Ke7
48. b8=Q Rxb8 49. Rxb8 1-0

[Event "World Rapid Women 2022"]
[Site "Almaty KAZ"]
[Date "2022.12.28"]
[Round "9.6"]
[White "Voit, Daria"]
[Black "Kosteniuk, Alexandra"]
[Result "0-1"]
[WhiteTitle "WGM"]
[BlackTitle "GM"]
[WhiteElo "2347"]
[BlackElo "2520"]
[WhiteFideId "4182146"]
[BlackFideId "4128125"]
[EventDate "2022.12.26"]

1. d4 Nf6 2. c4 e6 3. Nf3 d5 4. g3 Bb4+ 5. Bd2 a5 6. Bg2 O-O 7. a3 Be7 8. Qc2 b6
9. cxd5 exd5 10. O-O Ne4 11. Bf4 c5 12. dxc5 bxc5 13. Nfd2 Nf6 14. Nc3 Nc6 15.
Rfd1 Nd4 16. Qb1 Bf5 17. Qa2 Be6 18. Rac1 Qd7 19. Nf1 a4 20. Nd2 Nb5 21. Ndb1 d4
22. Qa1 Nd5 23. Nxd5 Bxd5 24. Bxd5 Qxd5 25. Nc3 Qb7 26. Nxb5 Qxb5 27. Rc2 g5 28.
Bc1 Ra6 29. Qa2 Re6 30. Qd5 Qb3 31. Qf5 Rxe2 32. Bd2 Qe6 33. Rxc5 Rxd2 34. Rxd2
Qe1+ 35. Kg2 Qxd2 36. Re5 Bd8 37. h4 d3 38. Rd5 h6 39. Rxd3 Qxb2 40. Rd6 Qg7 41.
h5 Be7 42. Ra6 Bxa3 43. Rxa4 Bd6 44. Ra6 Rd8 45. Ra7 Be5 46. Ra6 Bd6 47. Ra7 Bf8
48. Qf3 Re8 49. Qf5 Re7 50. Ra8 Qc3 51. Qb5 Qc7 52. Qa4 Qb7+ 53. Kh2 Re1 54. f3
Re2+ 55. Kh3 Qe7 56. Qd4 Re1 57. Qc4 Qd7+ 58. g4 Qb7 0-1

[Event "World Rapid Women 2022"]
[Site "Almaty KAZ"]
[Date "2022.12.28"]
[Round "9.7"]
[White "Stefanova, Antoaneta"]
[Black "Gong, Qianyun"]
[Result "0-1"]
[WhiteTitle "GM"]
[BlackTitle "WGM"]
[WhiteElo "2442"]
[BlackElo "2299"]
[WhiteFideId "2902257"]
[BlackFideId "8602425"]
[EventDate "2022.12.26"]

1. d4 e6 2. Nf3 f5 3. g3 Nf6 4. Bg2 d5 5. O-O c6 6. c4 Bd6 7. Bf4 Bxf4 8. gxf4
O-O 9. Ne5 Nbd7 10. e3 Qe7 11. Nd2 Ne4 12. Nxd7 Bxd7 13. Nxe4 fxe4 14. Rc1 Be8
15. f3 exf3 16. Qxf3 Bg6 17. Qe2 Rf6 18. c5 Raf8 19. Kh1 Bf5 20. Bf3 Rh6 21. Rg1
Rff6 22. Rg5 Rh3 23. Rg3 Rfh6 24. Rxh3 Rxh3 25. Bg2 Rh4 26. Bf3 Qf6 27. Rg1 Qh6
28. Rg3 Qf6 29. Kg1 Bg6 30. Rg4 Rh6 31. Rg5 Bb1 32. a3 Rg6 33. Qg2 h6 34. Rxg6
Bxg6 35. Qg4 Bf5 36. Qh5 Kh7 37. Kf2 g6 0-1

[Event "World Rapid Women 2022"]
[Site "Almaty KAZ"]
[Date "2022.12.28"]
[Round "9.8"]
[White "Bivol, Alina"]
[Black "Danielian, Elina"]
[Result "1/2-1/2"]
[WhiteTitle "IM"]
[BlackTitle "GM"]
[WhiteElo "2364"]
[BlackElo "2431"]
[WhiteFideId "4100123"]
[BlackFideId "13300210"]
[EventDate "2022.12.26"]

1. e4 e6 2. d4 d5 3. exd5 exd5 4. Nf3 Bg4 5. c4 Bb4+ 6. Nc3 Qe7+ 7. Be3 Nf6 8.
Qb3 Bxf3 9. gxf3 Nc6 10. O-O-O dxc4 11. Qxc4 O-O 12. Rg1 Rfd8 13. Ne4 Nxe4 14.
fxe4 Qxe4 15. Bg2 Qe7 16. Bxc6 bxc6 17. Bg5 Qd6 18. Bxd8 Rxd8 19. Kc2 Ba5 20.
Qc5 Bb6 21. Qxd6 Rxd6 22. Kc3 f6 23. b4 Kf7 24. Rge1 a5 25. a3 axb4+ 26. axb4
Rd5 27. Re4 f5 28. Re2 Kf6 29. f4 h6 30. Re5 Rd6 31. h4 g5 32. hxg5+ hxg5 33.
fxg5+ Kxg5 34. Kc4 Kf6 35. Re8 Kf7 36. Rh8 Kg7 37. Rh4 Rd5 38. Rg1+ Kf7 39. Re1
Kf6 40. Rg1 Kf7 41. Rg2 Kf6 42. Rg8 Kf7 43. Rgh8 Kg7 44. R8h7+ Kg6 45. R7h6+ Kg5
46. R6h5+ Kg6 47. Rh8 Kg7 48. Re8 Kf6 49. Rg8 Kf7 50. Rg2 Kf6 51. Rh6+ Kf7 52.
Rd2 f4 53. Rxc6 Rf5 54. Rh6 f3 55. Rhh2 Rf4 56. Rhf2 Ke6 57. Rd3 Kd7 58. Rfxf3
Rh4 59. Rf5 Kc6 60. Rf6+ Kb7 61. Re6 Rg4 62. Kc3 Ka6 63. d5 Kb5 64. Rc6 Rg1 65.
Kc2 Rg2+ 66. Rd2 Rg4 67. Rc3 Rxb4 68. Rd1 Rh4 69. Rb1+ Ka6 70. d6 Rh2+ 71. Kb3
cxd6 72. Rc6 Rh5 73. Rd1 Rb5+ 74. Kc4 Rc5+ 75. Rxc5 Bxc5 76. Rb1 Ka7 77. Kd5 Ka6
78. Kc4 Ka7 79. Rb2 Ka6 80. Rb5 Ka7 81. Kd5 Ka6 82. Kc6 Ka7 83. Ra5+ Kb8 84. Ra6
Be3 85. Ra3 Bc5 86. Ra4 Be3 87. Rb4+ Ka7 88. Kxd6 Bd2 89. Rb3 Bf4+ 90. Kc6 Bh2
91. Rh3 Bf4 92. Rh7+ Ka8 93. Rf7 Bg3 94. Kb6 Bh2 95. Rf8+ Bb8 96. Rf3 Bh2 97.
Rf8+ Bb8 98. Kc6 Ka7 99. Rf7+ Ka8 100. Rf2 Bg3 101. Ra2+ Kb8 102. Rb2+ Ka8 103.
Rg2 Bf4 104. Rg4 Bh2 105. Kb6 Be5 106. Ra4+ Kb8 107. Re4 Bc7+ 108. Kc6 Bh2 109.
Rg4 Ka7 110. Rg7+ Ka8 111. Kb6 Be5 112. Rd7 Bg3 113. Rd5 Bh2 114. Rd2 Bf4 115.
Re2 Bg3 116. Re8+ Bb8 117. Re4 Bg3 118. Rg4 Be5 119. Rg5 Bf4 120. Rg8+ Bb8 121.
Kc6 Ka7 122. Rg7+ Ka8 123. Kd7 Kb7 124. Rg4 Bh2 125. Rb4+ Ka7 126. Kc6 1/2-1/2

[Event "World Rapid Women 2022"]
[Site "Almaty KAZ"]
[Date "2022.12.28"]
[Round "9.9"]
[White "Lagno, Kateryna"]
[Black "Garifullina, Leya"]
[Result "0-1"]
[WhiteTitle "GM"]
[BlackTitle "IM"]
[WhiteElo "2563"]
[BlackElo "2357"]
[WhiteFideId "14109336"]
[BlackFideId "34127035"]
[EventDate "2022.12.26"]

1. e4 c5 2. Nc3 d6 3. d4 cxd4 4. Qxd4 Nc6 5. Qd2 g6 6. b3 Bh6 7. f4 f5 8. Bb2
Nf6 9. O-O-O fxe4 10. h3 O-O 11. Nge2 Be6 12. g4 Bg7 13. f5 Bf7 14. fxg6 hxg6
15. h4 Nxg4 16. Nxe4 Qa5 17. Qxa5 Nxa5 18. Bh3 Bxb2+ 19. Kxb2 Ne5 20. Ng5 Kg7
21. Nd4 Kh6 22. Rhe1 Bg8 23. Re4 Nac6 24. Nb5 Rf2 25. Nc7 Raf8 26. Kc1 R8f4 27.
Rde1 Nb4 28. Rxf4 Rxf4 29. Re4 Rxe4 30. Nxe4 Nxa2+ 31. Kb2 Nb4 32. Ng3 Nd5 33.
Nb5 a6 34. Nd4 Nf4 35. Bc8 Bd5 36. c4 Bg2 37. Kc3 a5 38. Nc2 b6 39. Ne3 Bc6 40.
b4 axb4+ 41. Kxb4 Kg7 42. Nc2 Kf6 43. Nd4 Be8 44. Ne4+ Kg7 45. Kc3 Kh6 46. Ng3
Bf7 47. Ba6 Ng2 48. h5 gxh5 49. Ngf5+ Kg5 50. Nxe7 h4 51. Bb7 h3 52. Be4 Kf4 53.
Bb7 Kg3 54. Nef5+ Kf2 55. Nxd6 Bg6 56. Be4 h2 57. Bxg6 h1=Q 58. Ne4+ Ke3 59.
Nf5+ Kf4 0-1

[Event "World Rapid Women 2022"]
[Site "Almaty KAZ"]
[Date "2022.12.28"]
[Round "9.10"]
[White "Shuvalova, Polina"]
[Black "Balajayeva, Khanim"]
[Result "1-0"]
[WhiteTitle "IM"]
[BlackTitle "WGM"]
[WhiteElo "2502"]
[BlackElo "2379"]
[WhiteFideId "24171760"]
[BlackFideId "13406396"]
[EventDate "2022.12.26"]

1. d4 Nf6 2. Nf3 e6 3. Bg5 h6 4. Bxf6 Qxf6 5. c3 Be7 6. Nbd2 O-O 7. e4 d6 8. Bd3
e5 9. Qe2 Nd7 10. O-O Re8 11. Nc4 c6 12. Bc2 Bd8 13. Rfd1 Bc7 14. dxe5 dxe5 15.
b4 Nf8 16. Ne3 Ng6 17. g3 Bb6 18. Nf5 Bxf5 19. exf5 Ne7 20. Qxe5 Qxe5 21. Nxe5
Nd5 22. Nc4 Nxc3 23. Nxb6 axb6 24. Rd7 Nxa2 25. Bb3 Nxb4 26. Bxf7+ Kh8 27. Rxa8
Rxa8 28. Rxb7 b5 29. Rc7 Rb8 30. f4 Rd8 31. Kg2 h5 32. Bxh5 Rb8 33. Bf7 Kh7 34.
h4 Kh8 35. h5 Nc2 36. Rxc6 Ne3+ 37. Kh3 Nxf5 38. g4 Nd4 39. Rd6 Ne2 40. f5 b4
41. Rd2 Nc1 42. Bc4 Re8 43. Rd1 Ne2 44. Bxe2 Rxe2 45. Rd8+ Kh7 46. Rb8 Re3+ 47.
Kh4 b3 48. Kg5 Rf3 49. Rb7 Rf1 50. Rxb3 1-0

[Event "World Rapid Women 2022"]
[Site "Almaty KAZ"]
[Date "2022.12.28"]
[Round "9.11"]
[White "Ushenina, Anna"]
[Black "Sultanbek, Zeinep"]
[Result "1/2-1/2"]
[WhiteTitle "GM"]
[BlackTitle "WIM"]
[WhiteElo "2454"]
[BlackElo "1891"]
[WhiteFideId "14110911"]
[BlackFideId "13710419"]
[EventDate "2022.12.26"]

1. d4 Nf6 2. Nf3 e6 3. c4 b6 4. a3 Bb7 5. Nc3 d5 6. Bg5 Be7 7. Qa4+ c6 8. e3 O-O
9. Be2 dxc4 10. Qxc4 Ba6 11. Qa4 Bxe2 12. Nxe2 c5 13. dxc5 bxc5 14. Rc1 Nbd7 15.
O-O h6 16. Bh4 Qb8 17. Rc2 Nb6 18. Qa6 Nbd5 19. Rfc1 Qb6 20. Qa4 Qb7 21. Ne5
Rfc8 22. Nc4 Nb6 23. Qb5 Nfd5 24. Na5 Qd7 25. Qxd7 Nxd7 26. Bg3 N5b6 27. Nf4 e5
28. Nd3 f6 29. e4 Rab8 30. f3 c4 31. Nxc4 Nxc4 32. Rxc4 Rxc4 33. Rxc4 Rb3 34.
Ne1 Bc5+ 35. Bf2 Bxf2+ 36. Kxf2 Rxb2+ 37. Nc2 Nf8 38. Rc8 Kh7 39. Rc6 a5 40. Kg3
Ng6 41. Kg4 Nf4 42. g3 h5+ 43. Kf5 Ne2 44. Ke6 h4 45. Kf7 Rb7+ 46. Kf8 hxg3 47.
hxg3 Nxg3 48. Ra6 Nf1 49. Rxa5 Nd2 50. Ne1 Rb1 51. Rd5 Nc4 52. Nc2 Rb2 53. Nb4
Nxa3 54. Nc6 Rb7 55. Ne7 Kh6 56. Nf5+ Kg5 57. Nxg7 Rb8+ 58. Kf7 Rb7+ 59. Kf8 1/2-1/2

[Event "World Rapid Women 2022"]
[Site "Almaty KAZ"]
[Date "2022.12.28"]
[Round "9.12"]
[White "Mammadova, Gulnar"]
[Black "Kairbekova, Amina"]
[Result "1-0"]
[WhiteTitle "IM"]
[BlackTitle "WIM"]
[WhiteElo "2376"]
[BlackElo "2209"]
[WhiteFideId "13403508"]
[BlackFideId "13712799"]
[EventDate "2022.12.26"]

1. e4 e5 2. Nf3 Nc6 3. Bb5 a6 4. Ba4 d6 5. O-O Bd7 6. d4 b5 7. Bb3 Nxd4 8. Nxd4
exd4 9. c3 dxc3 10. Qh5 g6 11. Qd5 Be6 12. Qc6+ Bd7 13. Qxc3 Nf6 14. e5 dxe5 15.
Qxe5+ Be7 16. Re1 Be6 17. Bxe6 fxe6 18. Qxe6 Qd6 19. Qb3 c5 20. Bh6 Ng4 21. Qf3
Qxh2+ 22. Kf1 Rd8 23. Bf4 Qh1+ 24. Ke2 Qh5 25. Qc6+ Kf7 26. f3 Nf6 27. Nc3 Rhe8
28. Kf2 Qh4+ 29. Bg3 Qd4+ 30. Kf1 Nh5 31. Bf2 Qc4+ 32. Kg1 b4 33. Ne4 Qb5 34.
Qc7 Rd7 35. Qe5 Rdd8 36. Qh2 Kg8 37. Rac1 c4 38. Qh3 Qf5 39. Rxc4 Qxh3 40. gxh3
Nf4 41. Be3 Nd3 42. Rf1 Nxb2 43. Rc7 Nd3 44. Kg2 Ne5 45. Ra7 Nc4 46. Bf2 Ra8 47.
Rc7 Rac8 48. Rb7 a5 49. Rd1 Ne5 50. Rd5 Nc6 51. Bc5 Kf8 52. Nf6 Red8 53. Nxh7+
Ke8 54. Re5 Rd2+ 55. Kg3 Nxe5 56. Rxe7+ Kd8 57. Rxe5 Rc6 58. Be7+ Kc8 59. Rxa5
Rc7 60. Bg5 Re2 61. Nf6 Rcc2 62. Rb5 Rg2+ 1-0

[Event "World Rapid Women 2022"]
[Site "Almaty KAZ"]
[Date "2022.12.28"]
[Round "9.13"]
[White "Schulze, Lara"]
[Black "Maltsevskaya, Aleksandra"]
[Result "0-1"]
[WhiteTitle "FM"]
[BlackTitle "IM"]
[WhiteElo "2284"]
[BlackElo "2400"]
[WhiteFideId "12956830"]
[BlackFideId "24174041"]
[EventDate "2022.12.26"]

1. e4 c6 2. d4 d5 3. exd5 cxd5 4. Nf3 Nc6 5. c3 Qc7 6. g3 Bg4 7. Bf4 Qb6 8. Nbd2
e6 9. Qb3 Bxf3 10. Nxf3 Nf6 11. Qxb6 axb6 12. Bd3 Kd7 13. Ng5 Ke7 14. O-O h6 15.
Nf3 g5 16. Bd2 Ne4 17. Be3 f5 18. Ne5 Nxe5 19. dxe5 Nc5 20. Bb5 g4 21. a4 Kf7
22. Kg2 Bg7 23. Rfe1 h5 24. f3 gxf3+ 25. Kxf3 Ne4 26. Bf4 h4 27. Rad1 hxg3 28.
hxg3 Rh2 29. Re2 Rh3 30. c4 Rd8 31. cxd5 exd5 32. Bc4 Ke6 33. Kg2 Rhh8 34. Bd3
Bxe5 35. Bxe5 Kxe5 36. Rc2 Rhg8 37. Bxe4 fxe4 38. Rc7 Rc8 39. Re7+ Kf6 40. Rxb7
Rc2+ 41. Kh3 Rxb2 42. Rxd5 Rb3 43. Rb5 Rgxg3+ 44. Kh2 Rxb5 45. Kxg3 Rb4 46. Kf4
Ke6 47. Ke3 Kd5 48. Rd7+ Kc4 49. Kxe4 Rxa4 50. Rc7+ Kb3+ 51. Kd3 b5 52. Kd2 b4
53. Kc1 Ra1+ 54. Kd2 Kb2 55. Rc2+ Ka3 56. Rc8 b3 57. Ra8+ Kb2 58. Rc8 Ra5 59.
Kd1 Rd5+ 60. Ke2 Kb1 61. Rb8 b2 62. Ke3 Kc2 63. Rc8+ Kb3 64. Rb8+ Kc3 65. Rc8+
Kb4 66. Rb8+ Rb5 67. Kd4 0-1